[Event "GRE-ch U12"]
[Site "Peristeri"]
[Date "2023.07.09"]
[Round "9"]
[White "Pitsakis, Ilias"]
[Black "Kiryttopoulos, Ioannis"]
[Result "1/2-1/2"]
[WhiteElo "1730"]
[BlackElo "1688"]
[PlyCount "70"]
[EventDate "2023.07.03"]
[EventType "swiss"]
[EventRounds "9"]
[EventCountry "GRE"]
[SourceTitle "EXT 2024"]
[Source "ChessBase"]
[SourceDate "2023.10.10"]
[SourceVersion "1"]
[SourceVersionDate "2023.10.10"]
[SourceQuality "1"]

1. d4 d5 2. Nf3 Nf6 3. c4 e6 4. g3 dxc4 5. Qa4+ Bd7 6. Qxc4 Bc6 7. Bg2 Be7 8. Nc3 0-0 9. 0-0 Nd5 10. Re1 Nxc3 11. bxc3 a6 12. e4 Bb5 13. Qb3 Nc6 14. Qc2 Na5 15. c4 Bb4 16. Bd2 Bxd2 17. Nxd2 Be8 18. Qc3 b6 19. Rad1 Qe7 20. e5 Rd8 21. Ne4 Ba4 22. Rd2 f5 23. exf6 gxf6 24. Rde2 Qd7 25. Bh3 Qxd4 26. Bxe6+ Kh8 27. Qf3 Nxc4 28. Bf5 Bd7 29. Bxh7 Kxh7 30. Qh5+ Kg8 31. Qg6+ Kh8 32. Nd2 Ne5 33. Qh6+ Kg8 34. Rxe5 fxe5 35. Qg6+ Kh8 1/2-1/2

[Event "GRE-ch U12"]
[Site "Peristeri"]
[Date "2023.07.06"]
[Round "5"]
[White "Merkouropoulos, Dionysios"]
[Black "Kiryttopoulos, Ioannis"]
[Result "1-0"]
[WhiteElo "1641"]
[BlackElo "1688"]
[PlyCount "63"]
[EventDate "2023.07.03"]
[EventType "swiss"]
[EventRounds "9"]
[EventCountry "GRE"]
[SourceTitle "EXT 2024"]
[Source "ChessBase"]
[SourceDate "2023.10.10"]
[SourceVersion "1"]
[SourceVersionDate "2023.10.10"]
[SourceQuality "1"]

1. d4 d5 2. c4 e6 3. Nc3 Be7 4. cxd5 exd5 5. Bf4 c6 6. Qc2 Bd6 7. e3 Bxf4 8. exf4 Qe7+ 9. Be2 Nf6 10. Nf3 0-0 11. Ne5 Ne4 12. Nxe4 dxe4 13. Qxe4 f6 14. Bc4+ Be6 15. Nxc6 Nxc6 16. Qxe6+ Qxe6+ 17. Bxe6+ Kh8 18. 0-0-0 f5 19. d5 Nd8 20. Rhe1 g6 21. d6 a5 22. Bd5 Ra6 23. Bf3 Kg7 24. Re7+ Rf7 25. Bd5 Rxd6 26. Bxf7 Rxd1+ 27. Kxd1 Kf6 28. Rd7 Nxf7 29. Rxb7 Nd6 30. Rb6 Ke7 31. Ra6 Ne4 32. Ke2 1-0

[Event "World School-ch U11"]
[Site "Rhodes"]
[Date "2023.04.16"]
[Round "3"]
[White "Yang, Maxwell"]
[Black "Kiryttopoulos, Ioannis"]
[Result "1-0"]
[WhiteElo "1869"]
[BlackElo "1620"]
[PlyCount "103"]
[EventDate "2023.04.14"]
[EventType "swiss"]
[EventRounds "9"]
[EventCountry "GRE"]
[SourceTitle "EXT 2024"]
[Source "ChessBase"]
[SourceDate "2023.10.10"]
[SourceVersion "1"]
[SourceVersionDate "2023.10.10"]
[SourceQuality "1"]

1. d4 Nf6 2. c4 e6 3. Nc3 Bb4 4. e3 c5 5. Nge2 cxd4 6. exd4 d5 7. a3 Bxc3+ 8. Nxc3 Nc6 9. Be3 0-0 10. Bd3 dxc4 11. Bxc4 Ne7 12. 0-0 Ned5 13. Bg5 Qb6 14. Bxf6 Nxf6 15. Qd2 Rd8 16. Rfd1 Qc7 17. Be2 a6 18. Rac1 Qd6 19. Bf3 Rb8 20. a4 Bd7 21. a5 Bc6 22. Bxc6 Qxc6 23. Qg5 Qd6 24. Qc5 h6 25. Na4 Ne4 26. Qxd6 Nxd6 27. Nb6 Nb5 28. d5 exd5 29. Nxd5 Rd6 30. Ne7+ Kf8 31. Rxd6 Nxd6 32. Nd5 Rc8 33. Rxc8+ Nxc8 34. Kf1 Ke8 35. Ke2 Kd7 36. Kd3 Kc6 37. Kd4 Kd6 38. Ne3 Ne7 39. Nc4+ Kc7 40. Kc5 f5 41. g3 g5 42. Nd6 f4 43. Nf7 fxg3 44. hxg3 Nc6 45. b4 g4 46. Nxh6 Ne5 47. Kd4 Nf3+ 48. Kd5 Ne1 49. Nxg4 Nd3 50. Kc4 Nb2+ 51. Kc3 Nd1+ 52. Kc2 1-0

[Event "Chalkida Evoiki op 5th"]
[Site "Chalkida"]
[Date "2023.01.08"]
[Round "7"]
[White "Berbatis, Antonios"]
[Black "Kiryttopoulos, Ioannis"]
[Result "1-0"]
[WhiteElo "1850"]
[BlackElo "1592"]
[PlyCount "81"]
[EventDate "2023.01.05"]
[EventType "swiss"]
[EventRounds "7"]
[EventCountry "GRE"]
[SourceTitle "CBM 212 Extra"]
[Source "ChessBase"]
[SourceDate "2023.03.31"]
[SourceVersion "1"]
[SourceVersionDate "2023.03.31"]
[SourceQuality "1"]

1. e4 c5 2. Nf3 Nc6 3. d4 cxd4 4. Nxd4 Nf6 5. Nc3 e5 6. Ndb5 d6 7. Bg5 a6 8. Na3 Be7 9. Bxf6 gxf6 10. Qh5 Be6 11. Nc4 Nd4 12. Ne3 Qb6 13. 0-0-0 Rc8 14. Bd3 Qa5 15. Kd2 b5 16. a3 b4 17. axb4 Qxb4 18. Rb1 a5 19. Rhc1 Ba2 20. Ra1 Qxb2 21. Ncd1 Qb4+ 22. c3 Nb3+ 23. Ke1 Qc5 24. Bc4 Nxc1 25. Qxf7+ Kd8 26. Nf5 Rc7 27. Bxa2 Nxa2 28. Rxa2 Rf8 29. Qg7 Re8 30. Rd2 a4 31. Nxe7 Rexe7 32. Qxf6 Kd7 33. Qf5+ Kc6 34. Ne3 Rb7 35. Qc8+ Rbc7 36. Qa6+ Kd7 37. Nd5 Ra7 38. Qe2 Rf7 39. Qg4+ Ke8 40. Rb2 Rfd7 41. Qg8# 1-0

[Event "EU-ch U10 30th"]
[Site "Antalya"]
[Date "2022.11.09"]
[Round "4"]
[White "Kiryttopoulos, Ioannis"]
[Black "Golikov, Ivan"]
[Result "1/2-1/2"]
[WhiteElo "1605"]
[BlackElo "1412"]
[PlyCount "96"]
[EventDate "2022.11.06"]
[EventType "swiss"]
[EventRounds "9"]
[EventCountry "TUR"]
[SourceTitle "CBM 211 Extra"]
[Source "ChessBase"]
[SourceDate "2023.01.31"]
[SourceVersion "1"]
[SourceVersionDate "2023.01.31"]
[SourceQuality "1"]

1. e4 c5 2. Nf3 e6 3. d4 cxd4 4. Nxd4 Nf6 5. Nc3 Nc6 6. Be2 Bb4 7. 0-0 0-0 8. Nxc6 bxc6 9. e5 Nd5 10. Ne4 Qc7 11. f4 f5 12. exf6 Nxf6 13. Nxf6+ Rxf6 14. Be3 d5 15. Bd3 Qe7 16. Qe2 h6 17. c3 Bc5 18. Rae1 a5 19. a3 a4 20. Rc1 Qa7 21. Bxc5 Qxc5+ 22. Kh1 Qb6 23. c4 Ba6 24. cxd5 cxd5 25. Bxa6 Qxa6 26. Qe5 Rc8 27. Qd4 Rc2 28. Rfe1 Qc6 29. Rxc2 Qxc2 30. g3 Qb3 31. Qc3 Qb7 32. Kg1 Qb6+ 33. Kg2 d4 34. Qd2 Rf8 35. Qe2 Re8 36. Rd1 Rd8 37. Rd2 Rd5 38. Qe4 Qd6 39. Qd3 Qd7 40. Kg1 Qc6 41. Rc2 Qd7 42. Rd2 Qd8 43. Re2 Qd7 44. Rd2 Qd8 45. Re2 Qd7 46. Rd2 Kf7 47. Kf2 Qb7 48. Kg1 Qc6 1/2-1/2

[Event "Wch U10"]
[Site "Batumi"]
[Date "2022.09.19"]
[Round "4"]
[White "Kiryttopoulos, Ioannis"]
[Black "Lacan Rus, David"]
[Result "1-0"]
[WhiteElo "1652"]
[BlackElo "1886"]
[PlyCount "73"]
[EventDate "2022.09.16"]
[EventType "swiss"]
[EventRounds "11"]
[EventCountry "GEO"]
[SourceTitle "EXT 2023"]
[Source "ChessBase"]
[SourceDate "2022.10.05"]
[SourceVersion "1"]
[SourceVersionDate "2022.10.05"]
[SourceQuality "1"]

1. e4 g6 2. d4 Bg7 3. Bc4 d6 4. Nf3 a6 5. 0-0 b5 6. Bb3 e6 7. a4 b4 8. a5 Bb7 9. d5 e5 10. Ba4+ Nd7 11. Qd2 Rb8 12. Bxd7+ Qxd7 13. Qxb4 Ne7 14. c4 0-0 15. Qe1 f5 16. Ng5 fxe4 17. Ne6 Rf5 18. Nxg7 Kxg7 19. Qxe4 c6 20. Nc3 cxd5 21. cxd5 Ng8 22. Qe2 h5 23. Qd2 Qf7 24. Ra4 Nf6 25. Rb4 Rh8 26. Rb6 Qe7 27. f3 h4 28. h3 Bc8 29. Qd3 Nd7 30. Rc6 Nf6 31. Qc4 Qd8 32. Rc7+ Nd7 33. Ne4 Qf8 34. Qc6 Rf7 35. Nxd6 Nb8 36. Rxf7+ Qxf7 37. Nxf7 1-0

[Event "GRE-ch U10"]
[Site "Thessaloniki"]
[Date "2022.08.21"]
[Round "6"]
[White "Oikonomopoulos, Filippos"]
[Black "Kiryttopoulos, Ioannis"]
[Result "1-0"]
[WhiteElo "1899"]
[BlackElo "1620"]
[PlyCount "151"]
[EventDate "2022.08.18"]
[EventType "swiss"]
[EventRounds "9"]
[EventCountry "GRE"]
[SourceTitle "EXT 2023"]
[Source "ChessBase"]
[SourceDate "2022.10.05"]
[SourceVersion "1"]
[SourceVersionDate "2022.10.05"]
[SourceQuality "1"]

1. d4 d5 2. c4 e6 3. Nc3 Be7 4. cxd5 exd5 5. Bf4 c6 6. e3 Nf6 7. Bd3 0-0 8. Nge2 Nbd7 9. 0-0 Nb6 10. Qc2 h6 11. Rad1 Bd6 12. f3 Bxf4 13. Nxf4 Re8 14. Rfe1 Qd6 15. b3 Re7 16. Qd2 Bd7 17. Bb1 Rae8 18. h3 g5 19. Nd3 Bf5 20. Nc5 Bxb1 21. Rxb1 Nc8 22. e4 b6 23. e5 Qd8 24. Nd3 Nh7 25. f4 gxf4 26. Qxf4 Re6 27. Re3 Rg6 28. Rf1 Rf8 29. h4 Qd7 30. Rg3 Kh8 31. Rxg6 fxg6 32. Qxh6 Rxf1+ 33. Kxf1 Qf5+ 34. Nf2 Ne7 35. Ke2 c5 36. g4 Qe6 37. Qe3 Nc6 38. Nb5 a6 39. Nd6 Nxd4+ 40. Kd2 Nc6 41. Qe2 d4 42. Nd3 Ne7 43. Nf4 Qd7 44. Nf7+ Kg7 45. e6 Qc7 46. Qe4 Nf6 47. Qe5 Qxe5 48. Nxe5 Ne4+ 49. Kd3 Nd6 50. Nd7 Ndc8 51. Ke4 a5 52. a4 Nd6+ 53. Kd3 Ndc8 54. Nh3 Kg8 55. Ng5 Nd5 56. Ne4 Kg7 57. Kc4 Ne3+ 58. Kb5 Nd5 59. Kc6 Nce7+ 60. Kd6 d3 61. Nd2 Kh6 62. Nxb6 Nxb6 63. Kxe7 Kg7 64. Kd6 Nc8+ 65. Kd7 Nb6+ 66. Kc6 Nc8 67. Kxc5 Kf6 68. Kd5 Ne7+ 69. Kd6 Nc8+ 70. Kd7 Nb6+ 71. Kc6 Nc8 72. Kc7 Ne7 73. Kd7 Nd5 74. g5+ Kf5 75. e7 Nxe7 76. Kxe7 1-0

[Event "GRE-ch U10"]
[Site "Patras"]
[Date "2021.09.01"]
[Round "4"]
[White "Kiryttopoulos, Ioannis"]
[Black "Keramaros, Vasileios"]
[Result "0-1"]
[WhiteElo "1239"]
[BlackElo "1009"]
[PlyCount "44"]
[EventDate "2021.08.30"]
[EventType "swiss"]
[EventRounds "9"]
[EventCountry "GRE"]
[SourceTitle "EXT 2022"]
[Source "ChessBase"]
[SourceDate "2021.10.06"]
[SourceVersion "1"]
[SourceVersionDate "2021.10.06"]
[SourceQuality "1"]

1. d4 d5 2. Nf3 Nf6 3. e3 Bg4 4. Be2 e6 5. c3 Bd6 6. Nbd2 0-0 7. Ne5 Bxe2 8. Qxe2 Bxe5 9. dxe5 Nfd7 10. f4 c5 11. 0-0 Nc6 12. Rf3 f6 13. exf6 Rxf6 14. Rh3 Qf8 15. Nf3 e5 16. Qd3 exf4 17. Qxh7+ Kf7 18. exf4 Ke7 19. Rg3 Rf7 20. Ng5 Rf5 21. Re3+ Nce5 22. fxe5 Rf1# 0-1

[Event "GRE-ch Online Blitz op 1st"]
[Site "Tornelo INT"]
[Date "2021.02.07"]
[Round "4"]
[White "Kiryttopoulos, Ioannis"]
[Black "Alexiou, Andromahi"]
[Result "1-0"]
[WhiteElo "1318"]
[BlackElo "1763"]
[PlyCount "67"]
[EventDate "2021.02.07"]
[EventType "swiss (blitz)"]
[EventRounds "16"]
[EventCountry "GRE"]
[SourceTitle "EXT 2023"]
[Source "ChessBase"]
[SourceDate "2022.10.05"]
[SourceVersion "1"]
[SourceVersionDate "2022.10.05"]
[SourceQuality "1"]

1. d4 d5 2. Nf3 Nc6 3. e3 a6 4. a3 Bg4 5. Be2 Nf6 6. b3 e6 7. Bb2 Bd6 8. Nbd2 0-0 9. 0-0 Re8 10. Ne5 Bxe2 11. Qxe2 Bxe5 12. dxe5 Nd7 13. f4 Ne7 14. e4 Nb6 15. Rad1 c6 16. f5 dxe4 17. Nxe4 Qc7 18. f6 Nf5 19. fxg7 Nxg7 20. Nf6+ Kh8 21. Nxe8 Rxe8 22. Qf3 Rf8 23. Qf6 Nd5 24. Qf3 Nf5 25. Rd3 Rg8 26. Kh1 Qe7 27. g4 Nh4 28. Qxf7 Qg5 29. Qxe6 Nf4 30. Qf6+ Qxf6 31. exf6 Nxd3 32. cxd3 Ng6 33. f7+ Rg7 34. f8Q+ 1-0

[Event "GRE-ch Online Blitz op 1st"]
[Site "Tornelo INT"]
[Date "2021.02.07"]
[Round "7"]
[White "Kiryttopoulos, Ioannis"]
[Black "Chasiotis, Odysseas"]
[Result "0-1"]
[WhiteElo "1318"]
[BlackElo "1013"]
[PlyCount "58"]
[EventDate "2021.02.07"]
[EventType "swiss (blitz)"]
[EventRounds "16"]
[EventCountry "GRE"]
[SourceTitle "EXT 2023"]
[Source "ChessBase"]
[SourceDate "2022.10.05"]
[SourceVersion "1"]
[SourceVersionDate "2022.10.05"]
[SourceQuality "1"]

1. d4 e5 2. dxe5 Bc5 3. e3 Nc6 4. Nf3 b6 5. Bc4 Nge7 6. a3 Ng6 7. b4 Be7 8. Bb2 0-0 9. 0-0 Bg5 10. Bd5 Bb7 11. Bxc6 Bxc6 12. Re1 Re8 13. Nd4 Bh6 14. Nxc6 dxc6 15. f4 Qxd1 16. Rxd1 Rad8 17. Nc3 Rxd1+ 18. Rxd1 f6 19. exf6 gxf6 20. Kf2 Kf7 21. Rd7+ Ne7 22. Rxc7 Rd8 23. Rxa7 Rd2+ 24. Kg3 Rxc2 25. Na4 b5 26. Nb6 Rxb2 27. Nc8 Bf8 28. Rc7 Rc2 29. Nxe7 Bxe7 0-1

[Event "GRE-ch Online Blitz op 1st"]
[Site "Tornelo INT"]
[Date "2021.02.07"]
[Round "14"]
[White "Kiryttopoulos, Ioannis"]
[Black "Lekkas, Anastasios"]
[Result "1-0"]
[WhiteElo "1318"]
[BlackElo "1389"]
[PlyCount "103"]
[EventDate "2021.02.07"]
[EventType "swiss (blitz)"]
[EventRounds "16"]
[EventCountry "GRE"]
[SourceTitle "EXT 2023"]
[Source "ChessBase"]
[SourceDate "2022.10.05"]
[SourceVersion "1"]
[SourceVersionDate "2022.10.05"]
[SourceQuality "1"]

1. d4 Nf6 2. Nf3 e6 3. e3 b6 4. Bd3 Bb7 5. 0-0 Be7 6. b3 Ne4 7. Bb2 f5 8. Nbd2 0-0 9. Ne5 d6 10. Nef3 Nd7 11. Bc4 d5 12. Bd3 c5 13. Ne5 Nxe5 14. dxe5 Qe8 15. f4 Qg6 16. Rf3 Bh4 17. Bxe4 fxe4 18. Rh3 Be7 19. Rg3 Qf5 20. Nf1 d4 21. exd4 Qxf4 22. Qe2 cxd4 23. Bxd4 a5 24. Bxb6 Ba6 25. Qe1 Bh4 26. Be3 Qxf1+ 27. Qxf1 Rxf1+ 28. Rxf1 Bxf1 29. Kxf1 Bxg3 30. hxg3 Rc8 31. c4 Rd8 32. Ke2 Rb8 33. Bc5 a4 34. b4 Kf7 35. Ke3 Kg6 36. Kxe4 Kg5 37. Kf3 Rb7 38. Bd6 Rf7+ 39. Ke3 Kg4 40. c5 Kxg3 41. c6 Kxg2 42. c7 Rf3+ 43. Kd4 Rf4+ 44. Kc5 Rf1 45. Kb6 Rd1 46. c8Q h5 47. Qh8 h4 48. Qxh4 Rh1 49. Qg5+ Kf1 50. Qxg7 Rg1 51. Qxg1+ Kxg1 52. Ka6 1-0

[Event "GRE-ch Online Blitz op 1st"]
[Site "Tornelo INT"]
[Date "2021.02.07"]
[Round "10"]
[White "Kiryttopoulos, Ioannis"]
[Black "Siranidis, Petros"]
[Result "1-0"]
[WhiteElo "1318"]
[BlackElo "1011"]
[PlyCount "49"]
[EventDate "2021.02.07"]
[EventType "swiss (blitz)"]
[EventRounds "16"]
[EventCountry "GRE"]
[SourceTitle "EXT 2023"]
[Source "ChessBase"]
[SourceDate "2022.10.05"]
[SourceVersion "1"]
[SourceVersionDate "2022.10.05"]
[SourceQuality "1"]

1. d4 d5 2. Nf3 Bf5 3. e3 Nc6 4. Bd3 Bxd3 5. Qxd3 e6 6. 0-0 Nf6 7. b3 Bd6 8. Bb2 0-0 9. Nbd2 h6 10. a3 a6 11. Ne5 Qd7 12. f4 Be7 13. Rf3 Nxe5 14. fxe5 Ng4 15. h3 Nf6 16. exf6 Bxf6 17. Raf1 Qe7 18. e4 dxe4 19. Nxe4 Bh4 20. g3 Bf6 21. Nxf6+ gxf6 22. Rxf6 Rfd8 23. Rxh6 Kf8 24. Rh8+ Kg7 25. Qh7# 1-0

[Event "Online Friendship U12"]
[Site "Tornelo INT"]
[Date "2020.11.21"]
[Round "2.6"]
[White "Kiryttopoulos, Ioannis"]
[Black "Gasparyan, Davit"]
[Result "0-1"]
[WhiteElo "1070"]
[BlackElo "1700"]
[PlyCount "134"]
[EventDate "2020.11.21"]
[EventType "team-swiss"]
[EventRounds "7"]
[EventCountry "BLR"]
[SourceTitle "CBM 199 Extra"]
[Source "ChessBase"]
[SourceDate "2021.01.31"]
[SourceVersion "1"]
[SourceVersionDate "2021.01.31"]
[SourceQuality "1"]
[WhiteTeam "Greece"]
[BlackTeam "Armenia"]
[WhiteTeamCountry "GRE"]
[BlackTeamCountry "ARM"]

1. d4 d5 2. Nf3 g6 3. e3 Bg7 4. Be2 Bf5 5. b3 Nf6 6. Bb2 0-0 7. 0-0 Nc6 8. a3 Ne4 9. Nbd2 Qd6 10. c4 dxc4 11. Bxc4 a6 12. Qc1 b5 13. Be2 Na5 14. b4 Nb7 15. Nxe4 Bxe4 16. Nd2 Bf5 17. e4 Bd7 18. e5 Qb6 19. Ne4 Bf5 20. Nc5 Nxc5 21. bxc5 Qe6 22. Qd2 Rad8 23. Qe3 f6 24. Bd1 Kh8 25. exf6 Bxf6 26. Qxe6 Bxe6 27. Be2 Bxd4 28. Bxd4+ Rxd4 29. a4 Bc4 30. Bxc4 Rxc4 31. axb5 axb5 32. Rfc1 Rxc1+ 33. Rxc1 c6 34. Re1 Re8 35. Re6 Rb8 36. Rxe7 b4 37. Re1 b3 38. Rb1 Kg7 39. Kf1 Kf6 40. Ke2 Ke5 41. Kd3 Kd5 42. Kc3 Kxc5 43. Rxb3 Rxb3+ 44. Kxb3 Kd4 45. Kc2 c5 46. Kd2 c4 47. Kc2 c3 48. Kc1 Kd3 49. Kd1 c2+ 50. Kc1 Ke2 51. Kxc2 Kxf2 52. g4 Kg2 53. Kd3 Kxh2 54. Ke4 Kg3 55. Ke3 Kxg4 56. Kf2 h5 57. Kg2 Kh4 58. Kh2 g5 59. Kg2 g4 60. Kh2 g3+ 61. Kg2 Kg4 62. Kh1 h4 63. Kg1 h3 64. Kf1 Kf3 65. Kg1 h2+ 66. Kh1 g2+ 67. Kxh2 Kf2 0-1

[Event "Online Friendship U12"]
[Site "Tornelo INT"]
[Date "2020.11.21"]
[Round "7.6"]
[White "Kiryttopoulos, Ioannis"]
[Black "Nezhyvenko, Mykhaylo"]
[Result "1/2-1/2"]
[WhiteElo "1070"]
[BlackElo "1235"]
[PlyCount "141"]
[EventDate "2020.11.21"]
[EventType "team-swiss"]
[EventRounds "7"]
[EventCountry "BLR"]
[SourceTitle "CBM 199 Extra"]
[Source "ChessBase"]
[SourceDate "2021.01.31"]
[SourceVersion "1"]
[SourceVersionDate "2021.01.31"]
[SourceQuality "1"]
[WhiteTeam "Greece"]
[BlackTeam "Ukraine"]
[WhiteTeamCountry "GRE"]
[BlackTeamCountry "UKR"]

1. d4 Nf6 2. Nf3 g6 3. e3 Bg7 4. Bd3 d5 5. 0-0 0-0 6. b3 c5 7. Bb2 cxd4 8. exd4 Nc6 9. Nbd2 Bg4 10. Be2 Rc8 11. Ne5 Nxe5 12. dxe5 Bxe2 13. Qxe2 Nd7 14. c4 Qa5 15. f4 Rfd8 16. f5 dxc4 17. Nxc4 Qc5+ 18. Kh1 b5 19. e6 bxc4 20. exd7 Rxd7 21. Bxg7 Kxg7 22. Rac1 c3 23. fxg6 hxg6 24. Rc2 Rcd8 25. Qf3 e5 26. Rxc3 Qd4 27. Qf6+ Kg8 28. Rcf3 Qb6 29. Qxe5 Qc7 30. Qa1 Rd3 31. Rf4 Qxf4 32. Rxf4 Rd1+ 33. Rf1 Rxa1 34. Rxa1 Rd2 35. a4 Rd3 36. b4 Rb3 37. b5 Kg7 38. h3 Rb4 39. Kh2 Kf6 40. Kg3 Kg5 41. Kh2 f5 42. Ra2 Kh5 43. g3 Kg5 44. Kg2 f4 45. gxf4+ Rxf4 46. Kg3 Rb4 47. Ra3 Kh5 48. Kf3 Kh4 49. Kg2 Rb2+ 50. Kf1 Rb4 51. Ke2 g5 52. Kd2 Rb2+ 53. Kc1 Rh2 54. a5 Rf2 55. b6 axb6 56. axb6 Rf8 57. b7 Rb8 58. Rb3 g4 59. hxg4 Kxg4 60. Kd2 Kf5 61. Kc3 Ke6 62. Kc4 Kd6 63. Rb6+ Kc7 64. Kc5 Rxb7 65. Rc6+ Kd8 66. Rh6 Rc7+ 67. Kd6 Rd7+ 68. Kc6 Rc7+ 69. Kd6 Rd7+ 70. Kc6 Rc7+ 71. Kd6 1/2-1/2